| 000 | 00493nam a2200169Ia 4500 | ||
|---|---|---|---|
| 005 | 20250326130807.0 | ||
| 008 | 250326s9999 xx 000 0 und d | ||
| 037 | _aTextbook | ||
| 040 |
_aFMSL _beng _cFMSL |
||
| 041 |
_aeng _2eng |
||
| 084 |
_aX:6.44 Q8 _qFMSL |
||
| 100 |
_aAhmad R _9741362 |
||
| 245 | 0 |
_aMicro fice and socio-economic development in India _cAhmad R |
|
| 260 |
_aNew Delhi _bNew Delhi, Publishers _c2018 |
||
| 942 |
_cTB _hX:6.44 Q8 |
||
| 999 |
_c1284139 _d1284139 |
||